| 000 | 00587nam a2200193 i 4500 | ||
|---|---|---|---|
| 001 | 30853 | ||
| 003 | ES-MaACL | ||
| 005 | 20260203063028.0 | ||
| 007 | t| | ||
| 008 | 030127s1979 sp ||||1| cat d | ||
| 100 | 1 |
_aBartra, Agustí _926185 |
|
| 245 | 1 | 3 |
_aEl gos geomètrico seguit de la fulla que tremola / _cAgustí Bartra ; entrevista-práoleg de Feliu Formosa. |
| 250 | _a1ª ed. | ||
| 260 |
_aBarcelona : _bLaia, _c[1979] |
||
| 300 |
_a147 p. ; _c20 cm. |
||
| 700 | 1 |
_aFormosa, Feliu, _d1934- _951759 |
|
| 852 |
_aES-MaACL _jA-10035 _bR.99049 |
||
| 999 |
_c30853 _d30853 |
||